000 00660nam a2200241Ia 4500
003 OSt
005 20221005132702.0
006 a|||||r|||| 00| 0
007 ta
008 221004b |||||||| |||| 00| 0 eng d
024 _a53881
037 _cTextual
040 _aCRL
_cCRL
_beng
041 _2eng
_aeng
082 _aT4:3(W), J4
100 _aRobson William A
245 0 _aUniversity teaching of social sciences
_b political science , a report
260 _c1954
490 _a(Unesco, teaching in the social sciences,) .
650 _aEDUCATION
942 _hT4:3(W), J4
_cTEXL
_2cc
999 _c1064504
_d1064504